Sports Quiz

Random Sports Quiz
Score 0/51 Timer 10:00
3 Plays Today
Matches Player % Correct
20Sir Alastair Cook
97.3%
18James Anderson
96%
12Stuart Broad
95.4%
10Andrew Strauss
94.2%
5Andrew Flintoff
93.6%
15Ian Bell
93.3%
15Kevin Pietersen
92.3%
8Graeme Swann
88.4%
1Simon Jones
87.9%
3Geraint Jones
87.6%
5Michael Vaughan
86.8%
8Joe Root
85.7%
9Steve Harmison
84.9%
4Ben Stokes
83.5%
8Matt Prior
82.8%
7Jonny Bairstow
81.5%
5Marcus Trescothick
81.5%
7Matthew Hoggard
81.1%
6Jonathan Trott
80.9%
10Paul Collingwood
77.6%
5Nasser Hussain
76.3%
3Ashley Giles
75.9%
5Monty Panesar
74.1%
5Moeen Ali
68.2%
4Chris Tremlett
68%
4Alec Stewart
66.4%
Matches Player % Correct
4Tim Bresnan
62.9%
3Steven Finn
62.2%
5Michael Carberry
61.4%
4Andrew Caddick
57.2%
4Chris Woakes
56.7%
5Mark Butcher
52.8%
1Jake Ball
47.9%
2Tom Curran
46.4%
5Dawid Malan
44.7%
5James Vince
44.1%
1Gary Ballance
40.2%
1Mason Crane
39.5%
5Mark Stoneman
38%
2Craig Overton
36.9%
4Rob Key
36.7%
1Boyd Rankin
36.7%
2Chris Read
36.6%
1Scott Borthwick
36.1%
3Sajid Mahmood
28.7%
1James Foster
27.3%
4Craig White
26.5%
3John Crawley
25.5%
4Richard Dawson
25.1%
1Alex Tudor
24.1%
1Chris Silverwood
10%
Remove Ads.
Support Sporcle.
Get the best of Sporcle when you Go Orange. This ad-free experience offers more features, more stats, and more fun while also helping to support Sporcle. Thank you for becoming a member.

You're not logged in!

Compare scores with friends on all Sporcle quizzes.
OR
Log In

Show Comments

Extras

Top Quizzes Today


Score Distribution

Your Account Isn't Verified!

In order to create a playlist on Sporcle, you need to verify the email address you used during registration. Go to your Sporcle Settings to finish the process.

Report this User

Report this user for behavior that violates our Community Guidelines.

Details: